Записки Наукового Товариства імені Шевченка (Запис № 573743)
[ простий вигляд ]
| 000 -Лідер | |
|---|---|
| fixed length control field | 00667 a2200205 4500 |
| 003 - Ідентифікатор контрольного номера | |
| control field | UA-OsUOA |
| 005 - Дата та час останнього входження (трансакції) | |
| control field | 20230215154911.0 |
| 008 - Елементи даних фіксованої довжини – загальна інформація | |
| fixed length control field | 230209b un ||||| |||| 00| 0 ukr d |
| 040 ## - Джерело каталогізації | |
| Агенція оригінальної каталогізації | UA-OsUOA |
| Мова каталогізації | ukr |
| Агенція, яка здійснювала перезапис | UA-OsUOA |
| Агенція, яка здійснювала модифікацію | UA-OsUOA |
| 041 ## - Код мови | |
| Код мови тексту/ звукової доріжки чи окремого заголовка (П) | ukr |
| 080 ## - Індекс Універсальної десяткової класифікації | |
| Індекс Універсальної десяткової класифікації (УДК) (НП) | 09:94:082 |
| 090 ## - Локальний шифр розміщення | |
| Класифікаційний індекс УДК | 09:94:082 |
| Авторський знак (НП) | З-32 |
| 245 ## - Відомості про назву | |
| Назва (НП) | Записки Наукового Товариства імені Шевченка |
| 300 ## - Фізичний опис | |
| Обсяг | 58 с. |
| 505 ## - Форматована примітка про зміст | |
| Змішана інформація | Т. 51 |
| 650 ## - Додаткове предметне введення – тематичний термін | |
| Джерело заголовка чи терміна | UDC |
| Тематичний термін чи географічна назва, як елемент введення (НП) | 94 Історія загалом |
| 942 ## - Додаткові елементи входу (Коха) | |
| Тип елемента Koha | Рідкісне/цінне видання |
| Source of classification or shelving scheme | Universal Decimal Classification |
| 955 ## - Код типу видання за змістом | |
| Код типу видання за змістом (НП) | Наукові видання |
| Стан вилучень | Стан втрат | Джерело класифікації або схеми стелажів | Стан уражень | Не для кредиту | Код колекції | Постійне місце розташування | Поточне розміщення | Дата придбання | Джерело придбання | Вартість, звичайна ціна покупки | Послідовне перерахування / хронологія | Повний номер виклику | Штрих-код | Дата останнього перегляду | Вартість, ціна заміни | Ціна ефективна від | Тип елемента Koha |
|---|---|---|---|---|---|---|---|---|---|---|---|---|---|---|---|---|---|
| Universal Decimal Classification | Колекція Жулинського М.Г. | Музей історії НаУОА | Музей історії НаУОА | 09/02/2023 | №5/09.02.2023 | 25.00 | Т. 51 | 94:082 З-32 | 165512 | 09/02/2023 | 25.00 | 09/02/2023 | Рідкісне/цінне видання |